Ración recomendada durante el embarazo y la lactancia

Uloženo v:
Podrobná bibliografie
Médium: Kniha
Jazyk:španělština
Vydáno: Santiago S.N.S 1968
Edice:Serie de Alimentación, 4
Témata:
Tagy: Přidat tag
Žádné tagy, Buďte první, kdo vytvoří štítek k tomuto záznamu!

MARC

LEADER 00000nam a2200000 a 4500
001 UCW5195
003 CL-VaPUC
008 910108e19680000CL |||||||||||||||||spa|d
082 0 4 |a 618.24  |b RAC  |2 21 
245 1 0 |a Ración recomendada durante el embarazo y la lactancia 
300 |a 19 p 
942 |c BK 
945 |d 19910108 00:00:00 
260 |a Santiago  |b S.N.S  |c 1968 
650 7 |a CUIDADO PRENATAL  |2 CL-VaPUC  |9 309373 
650 7 |a LACTANTES CUIDADO E HIGIENE  |2 CL-VaPUC  |9 308066 
583 |a last modification  |c 19910108 00:00:00  |k Rodrigo Vera 
490 0 |a Serie de Alimentación, 4 
999 |c 218681  |d 218679 
952 |0 0  |1 0  |4 0  |6 618_240000000000000_RAC_1968  |7 0  |8 P  |9 208617  |a BIBEDU  |b BIBEDU  |c BIBEDU_PB  |d 2019-11-15  |i 2764903  |o 618.24 RAC 1968  |p 2764903  |r 2019-11-15  |w 2019-11-15  |y BK  |k EDU